List of Ottoman Sultans' tuğra (طغرا) - Statistics

General Stats
  • This quiz has been taken 59 times
  • The average score is 12 of 35
Answer Stats
Picture Hint Answer % Correct
1324-1362 Orhan Ghazi
69%
1421-1444, 1446-1451 Murad II
56%
1566-1574 Selim II
56%
1444-1446, 1451-1481 Mehmed II
50%
1512-1520 Selim I
50%
1362-1389 Murad I
47%
1623-1640 Murad IV
44%
1520-1566 Suleiman I
44%
1413-1421 Mehmed I
41%
1909-1918 Mehmed V
41%
1574-1595 Murad III
41%
1617-1618, 1622-1623 Mustafa I
41%
1876-1909 Abdülhamid II
38%
1703-1730 Ahmed III
38%
1595-1603 Mehmed III
38%
1648-1687 Mehmed IV
38%
1918-1922 Mehmed VI
38%
1618-1622 Osman II
38%
1603-1617 Ahmed I
34%
1640-1648 İbrahim
34%
1691-1695 Ahmed II
31%
1876 (93 days) Murad V
31%
1687-1691 Suleiman II
31%
1808-1839 Mahmud II
28%
1839-1861 Abdülmecid I
25%
1730-1757 Mahmud I
25%
1695-1703 Mustafa II
25%
1807-1808 Mustafa IV
25%
1789-1807 Selim III
25%
1861-1876 Abdülaziz
22%
1774-1789 Abdülhamid I
22%
1757-1774 Mustafa III
22%
1754-1757 Osman III
22%
1389-1402 Bajezid I
9%
1481-1512 Bajezid II
9%
No matching quizzes found
Score Distribution
Percent of People with Each Score
Percentile by Number Answered
Your Score History
You have not taken this quiz